|
|
|
|
| LEADER |
00000cam a2200000 7i4500 |
| 001 |
0000004048 |
| 005 |
20151030.0 |
| 020 |
0 |
0 |
|a 9789832181958
|
| 090 |
0 |
0 |
|a 634.99
|b AGR 2008
|
| 245 |
0 |
0 |
|a Proceedings of the International Agroforestry Conference(IAC) 2006 :
|b Agroforestry: Harnessing the Benefits, Kuala Lumpur, 1-2 August 2006
|c editors Ahmad Zuhaidi Yahya
|
| 260 |
0 |
0 |
|a Selangor :
|b FRIM ,
|c 2008
|
| 300 |
|
|
|a viii, 125pages. :
|b ill. ;
|c 26 cm.
|
| 500 |
0 |
0 |
|a Includes bibliographical references
|
| 650 |
0 |
0 |
|a Agroforestry---Congresses
|
| 650 |
0 |
0 |
|a Forest and forestry---Congresses
|
| 700 |
0 |
1 |
|a elizabeth Philip
|
| 700 |
0 |
1 |
|a Farah Fazwa Md. Ariff
|
| 700 |
0 |
1 |
|a Mohamad Lokman Ngah
|
| 700 |
0 |
1 |
|a Mohd Zaki Abdullah
|
| 700 |
0 |
1 |
|a Suhaimi Wan Chik
|
| 700 |
0 |
1 |
|a Zaharah Abd. Rahman
|
| 710 |
1 |
1 |
|a JPSM
|
| 999 |
|
|
|a 007873
|b Monograph
|c Open Shelf
|e Default branch
|